ARRUPE JESUIT UNIVERSITY

CORONAVIRUS -STOP THE SPREAD - CLEAN,DISINFECT,COVER

Horizons of African diplomacy / (Record no. 131459)

MARC details
000 -LEADER
fixed length control field 00793cam a2200253 i 4500
001 - CONTROL NUMBER
control field 3650537
003 - CONTROL NUMBER IDENTIFIER
control field ARRUPE
005 - DATE AND TIME OF LATEST TRANSACTION
control field 20220519113238.0
008 - FIXED-LENGTH DATA ELEMENTS--GENERAL INFORMATION
fixed length control field 760811s1974 ke 000 0 eng
010 ## - LIBRARY OF CONGRESS CONTROL NUMBER
LC control number 75980090
040 ## - CATALOGING SOURCE
Original cataloging agency DLC
Transcribing agency DLC
Modifying agency DLC
043 ## - GEOGRAPHIC AREA CODE
Geographic area code f------
050 00 - LIBRARY OF CONGRESS CALL NUMBER
Classification number JX1582
Item number .H67
082 00 - DEWEY DECIMAL CLASSIFICATION NUMBER
Classification number 327.6
300 ## - PHYSICAL DESCRIPTION
Dimensions 22 cm.
245 00 - TITLE STATEMENT
Title Horizons of African diplomacy /
Statement of responsibility, etc edited by Yashpal Tandon and Dilshad Chandarana.
260 ## - PUBLICATION, DISTRIBUTION, ETC. (IMPRINT)
Place of publication, distribution, etc Nairobi :
Name of publisher, distributor, etc East African Literature Bureau,
Date of publication, distribution, etc 1974.
300 ## - PHYSICAL DESCRIPTION
Extent vii, 259 p. ;
490 0# - SERIES STATEMENT
Series statement Africa international ; v. 1
651 #0 - SUBJECT ADDED ENTRY--GEOGRAPHIC NAME
Geographic name Africa
General subdivision Foreign relations
Chronological subdivision 1960-
9 (RLIN) 21634
700 1# - ADDED ENTRY--PERSONAL NAME
Personal name Tandon, Yashpal,
Dates associated with a name 1939-
9 (RLIN) 51669
700 1# - ADDED ENTRY--PERSONAL NAME
Personal name Chandarana, Dilshad.
9 (RLIN) 51670
906 ## - LOCAL DATA ELEMENT F, LDF (RLIN)
a 7
b cbc
c orignew
d u
e ncip
f 19
g y-gencatlg
942 ## - ADDED ENTRY ELEMENTS (KOHA)
Source of classification or shelving scheme Library of Congress Classification
Koha item type Monograph ( Printed materials)
Holdings
Withdrawn status Lost status Source of classification or shelving scheme Damaged status Not for loan Collection code Home library Current library Shelving location Date acquired Total Checkouts Full call number Barcode Date last seen Price effective from Koha item type
    Library of Congress Classification     Main Collection ARRUPE LIBRARY ARRUPE LIBRARY Main Collection 19/05/2022   JX1582 .H67 46600008584 19/05/2022 19/05/2022 Monograph ( Printed materials)

 

Arrupe Library. PO Box MP320 Mt Pleasant, Harare, Zimbabwe
263 242 745411|librarian@aju.ac.zw